<?xml version="1.0" encoding="UTF-8"?>
<record
    xmlns:xsi="http://www.w3.org/2001/XMLSchema-instance"
    xsi:schemaLocation="http://www.loc.gov/MARC21/slim http://www.loc.gov/standards/marcxml/schema/MARC21slim.xsd"
    xmlns="http://www.loc.gov/MARC21/slim">

  <leader>01595nam a22002777a 4500</leader>
  <controlfield tag="008">170506s1994        br||||| |||| 00| 0 por d</controlfield>
  <datafield tag="020" ind1=" " ind2=" ">
    <subfield code="a">8460418626</subfield>
  </datafield>
  <datafield tag="082" ind1="0" ind2="4">
    <subfield code="a">709.2</subfield>
    <subfield code="b">O396h</subfield>
  </datafield>
  <datafield tag="100" ind1="1" ind2=" ">
    <subfield code="a">Brett, Guy.</subfield>
    <subfield code="9">4313</subfield>
  </datafield>
  <datafield tag="245" ind1="1" ind2="0">
    <subfield code="a">H&#xE9;lio Oiticica /</subfield>
    <subfield code="c">Guy Brett...[et. al].</subfield>
  </datafield>
  <datafield tag="250" ind1=" " ind2=" ">
    <subfield code="a">1a ed.</subfield>
  </datafield>
  <datafield tag="260" ind1=" " ind2=" ">
    <subfield code="a">Brasil :</subfield>
    <subfield code="b">Projeto H&#xE9;lio Oiticica; Galerie nationale du Jeu de Paume; Witte de With,</subfield>
    <subfield code="c">1994.</subfield>
  </datafield>
  <datafield tag="300" ind1=" " ind2=" ">
    <subfield code="a">278 p.</subfield>
  </datafield>
  <datafield tag="500" ind1=" " ind2=" ">
    <subfield code="a">Cat&#xE1;logo publicado con motivo a la exposici&#xF3;n "H&#xE9;lio Oiticica" presentada en: -Witte de With center for contemporary art, Rotterdam, del 22 de febrero al 26 de abril de 1992 -Galerie nationale du Jeu de Paume, Par&#xED;s, del 10 de junio al 23 de agosto -Fundaci&#xF3; Antoni T&#xE0;pies, Barcelona, del 1 de octubre al 8 de diciembre de 1992 - Centro de Arte Moderna de Fundacao Calouste Gulbenkian, Lisboa, del 20 de enero al 20 de marzo de 1993 -Walker Art Center, Minneapolis, del 31 de octubre de 1993 al 20 de febrero de 1994.</subfield>
  </datafield>
  <datafield tag="505" ind1="0" ind2=" ">
    <subfield code="t">Eden</subfield>
    <subfield code="r">H&#xE9;lio Oiticica.</subfield>
    <subfield code="t">Brasil Diarrea.</subfield>
    <subfield code="t">Cara de Cavalo.</subfield>
    <subfield code="t">Metaesquemes 57/58.</subfield>
    <subfield code="t">Selecci&#xF3; d&#xB4;escrits</subfield>
    <subfield code="r">Guy Brett.</subfield>
    <subfield code="t">Cronologia H&#xE9;lio Oiticica 1937-1980.</subfield>
    <subfield code="t">Ala Delta per a l&#xB4;&#xE9;xtasi</subfield>
    <subfield code="r">Haroldo de Campos.</subfield>
    <subfield code="t">HOmmage </subfield>
    <subfield code="r">Waly Salom&#xE3;o.</subfield>
    <subfield code="t">El gran labertint</subfield>
    <subfield code="r">Catherine David.</subfield>
  </datafield>
  <datafield tag="653" ind1="1" ind2="0">
    <subfield code="a">Arte contempor&#xE1;neo</subfield>
  </datafield>
  <datafield tag="653" ind1="1" ind2="0">
    <subfield code="a">Cat&#xE1;logo de exhibici&#xF3;n</subfield>
  </datafield>
  <datafield tag="653" ind1="1" ind2="0">
    <subfield code="a">Exhibici&#xF3;n itinerante </subfield>
  </datafield>
  <datafield tag="653" ind1="1" ind2="0">
    <subfield code="a">Arte - Brasil</subfield>
  </datafield>
  <datafield tag="653" ind1="1" ind2="0">
    <subfield code="a">Artistas pl&#xE1;sticos</subfield>
  </datafield>
  <datafield tag="653" ind1="1" ind2="0">
    <subfield code="a">Instalaci&#xF3;n</subfield>
  </datafield>
  <datafield tag="700" ind1="1" ind2=" ">
    <subfield code="a">David, Catherine.</subfield>
    <subfield code="9">5786</subfield>
  </datafield>
  <datafield tag="700" ind1="1" ind2=" ">
    <subfield code="a">Dercon, Chris.</subfield>
    <subfield code="9">5787</subfield>
  </datafield>
  <datafield tag="700" ind1="1" ind2=" ">
    <subfield code="a">Figuereido, Luciano.</subfield>
    <subfield code="9">5788</subfield>
  </datafield>
  <datafield tag="700" ind1="1" ind2=" ">
    <subfield code="a">Pape, Lygia.</subfield>
    <subfield code="9">5789</subfield>
  </datafield>
  <datafield tag="999" ind1=" " ind2=" ">
    <subfield code="c">1180</subfield>
    <subfield code="d">1180</subfield>
  </datafield>
  <datafield tag="952" ind1=" " ind2=" ">
    <subfield code="0">0</subfield>
    <subfield code="1">0</subfield>
    <subfield code="2">ddc</subfield>
    <subfield code="4">0</subfield>
    <subfield code="7">0</subfield>
    <subfield code="a">LV</subfield>
    <subfield code="b">LV</subfield>
    <subfield code="c">Monograf&#xED;as</subfield>
    <subfield code="d">2017-05-06</subfield>
    <subfield code="l">0</subfield>
    <subfield code="o">709.2 O396h</subfield>
    <subfield code="p">00915</subfield>
    <subfield code="r">2017-05-06 00:00:00</subfield>
    <subfield code="w">2017-05-06</subfield>
    <subfield code="y">01</subfield>
  </datafield>
</record>
